000 00785cam a2200217 4500
001 WB3807-14
008 020221n2002 000 0 eng u
035 _a(Sirsi) u116799
245 _aInspections to be privatised
260 _c2002
490 _aHousing
_v 15 February 2002, (1)
520 _aCapita and RSM Robson Rhodes are to carry out housing inspections as part of a pilot outsourcing project for the Audit Commission. The commission promised a strict conflict of interest clause in the contract but some argue these safeguards are not enough.
590 _aWB
650 _aHOUSING INSPECTORATE
650 _aAUDIT COMMISSION
650 _aCAPITA
650 _aRSM ROBSON RHODES
650 _aCONFLICT OF INTEREST
690 _aHOUSING-DEVELOPMENT
942 _n0
999 _c69564
_d69564